ITlib informačné technológie a knižnice

Uložené v:
Podrobná bibliografia
Médium: Seriál
Jazyk:Slovak
Vydavateľské údaje: Bratislava Centrum vedecko-technických informácií SR 2005
Predmet:
Tagy: Pridať tag
Žiadne tagy, Buďte prvý, kto otaguje tento záznam!

MARC

LEADER 00000nas2a2200000 4500
001 0089465
005 20090115142729.4
022 |a 1335-793X 
041 0 |a slo 
044 |a SK 
245 1 0 |a ITlib  |b informačné technológie a knižnice 
264 1 |a Bratislava  |b Centrum vedecko-technických informácií SR  |c 2005 
773 0 |w eu_un_cat*s122697 
610 2 0 |a knižnice 
610 2 0 |a technológie informačné